000 01143nam a22002295i 4500
001 158967
003 ES-MaACL
005 20231226160300.0
008 980914m18381839fr |||| | spa d
080 _a821.134.2-82"18"
100 1 _aMartínez de la Rosa, Francisco,
_d1787-1862
_978009
245 1 0 _aObras literarias /
_cde Francisco Martinez de la Rosa.
260 _aParís :
_ben la imprenta de Julio Didot :
_ben casa de Don Vicente Salva,
_c1838-1839.
300 _a3 v. (482 ; 533 ; 358 p. ) ;
_c17 cm.
505 8 _aContiene: I. Poética -- II. Apéndice sobre la poesía didáctica española ; Apéndice sobre la tragedia española ; Apéndice sobre la comedia española -- III: Zaragoza, poema ; La viuda de Padilla: tragedia ; La niña en casa y la madre en la máscara: comedia
596 _aEd. tomados del pie de imprenta del verso de la anteport.
596 _aVol. 3 impreso en 1838.
650 4 _aPoesía didáctica española-
_xHistoria y crítica.
_9173168
650 4 _aTeatro español-
_xHistoria y crítica.
_9136908
852 _aES-MaACL
_jG-10110-12
_z- Enc. hol.
999 _c158967
_d158967